000 00929nas a2200289 4500
001 BR2014005493
003 BR-BrBNA
005 20231205124502.0
007 ta
008 230509b bl.|||p| |||| 00| 00por d
040 _aBR-BrBNA
_bpor
_cBiblioteca Nacional de Agricultura
041 _a(Pt)
072 _aA01; E14; E50
100 1 _aCosta, A.M.S.
100 1 _aFiúza, A.L. de C.
100 1 _aGonçalves, Y.V.
100 1 _aPinto, N.M. de A.
245 1 _aAgricultores familiares e as influências étnicas sobre a sua conformação socioprodutiva
650 _aDESENVOLVIMENTO RURAL
650 _aAGRICULTURA FAMILIAR
650 _aSOCIOLOGIA ECONÔMICA
650 _aSOCIOLOGIA RURAL
650 _aHISTÓRIA
773 0 _tRevista de Extensão e Estudos Rurais (Brazil)
_xISSN 2179-5320
_g(Jan-Jun 2011), v. 1(1) p. 69-96
_wBR2014005493
909 _a202311
_bLúcia
_c55
_dLúcia Elande
942 _2AGRIS
_n0
_cANA
999 _c239316
_d239316